000
00255nam a2200109Ia 4500
008
240625s9999 xx 000 0 und d
041
_a
eng
082
_a
005.74 PRA
100
_a
PRATT PHILIP J
245
_a
CONCEPTS OF DATABASE MANAGEMENT
260
_c
2007
999
_c
38158
_d
38158